01877nam a2200445 i 450000100060000000300080000600500170001400600190003100700150005000800410006502000180010602000270012403500230015103500240017403500250019803500220022304000310024505000220027608000140029808200120031210000210032424501180034526400380046330000440050133600310054533700330057633800430060950001990065250400400085158801280089159001640101965000290118365000420121265000320125465000200128665500270130679700190133385600620135299900170141452150FlNmELB20241216232353.0m o d | cr cnu||||||||141128s2010 sp ob 001 0 spa d z9788497881043 a9788490296134 (e book) a(MiAaPQ)EBC3207218 a(Au-PeEL)EBL3207218 a(CaPaEBR)ebr10646471 a(OCoLC)1105426265 aFINmELBbspaerdacFINmELB 4aHM132bP2932 2010 a316.472.40 a3022231 aPastor, Lluís.10aRetórica exprés :bel sistema rápido basado en los clásicos para comunicar con éxito /cLluís Pastor. 1aAlicante :bEditorial UOC,c2010. a1 recurso en línea (i, 209 páginas) atextobtxt2rdacontent/spa acomputadorabc2rdamedia/spa arecurso en líneabcr2rdacarrier/spa aEn la cubierta: esta imagen permite enlazar con un video del autor. En el libro encontrarás cinco imágenes que te llevarán a ver otros videos. Abre el libro y te explicaremos como hacerlo. aContiene bibliografía e índice. aDescripción basada en recurso en línea; Título de la página del título en PDF (e-libro, visto november 28, 2014). aRecurso electrónico. Santa Fe, Arg.: e-libro, 2015. Disponible vía World Wide Web. El acceso puede estar limitado para las bibliotecas afiliadas a e-libro. 0aInterpersonal relations. 0aCommunicationxPsychological aspects. 4aRelaciones interpersonales. 4aComunicación. 4aLibros electrónicos.2 ae-libro, Corp.40uhttps://elibro.net/ereader/politecnicointernacional/56578 c52150d52150